00218nam a22000977a 4500008004100000082001100041245002700052260001400079300001000093440001700103180806b xxu||||| |||| 00| 0 eng d a813.52 aBodyworks 4.0cSoftkey c1993-1995 a1fCD x772040743550